| 000 | 00535cam a2200217 i 4500 | ||
|---|---|---|---|
| 001 | 1290623 | ||
| 005 | 20180115042255.0 | ||
| 008 | 760820s1976 enka b 001 0 eng | ||
| 010 | _a 76041384 | ||
| 020 | _a0283983132 | ||
| 040 |
_aDLC _cDLC _dDLC |
||
| 041 | _aeng | ||
| 080 | _a940.544 WIN | ||
| 082 | 0 | 0 | _a940.544 WIN |
| 100 | 1 | _a16 | |
| 101 | _aHIS | ||
| 245 | 1 | 0 |
_aAir power at sea, 1939-45 / _cJohn Winton. |
| 504 | _aBibliography: p. 184. | ||
| 906 |
_a7 _bcbc _corignew _d1 _eocip _f19 _gy-gencatlg |
||
| 942 |
_2ddc _cBK |
||
| 999 |
_c40238 _d40238 |
||